¿Retiro transitorio por invalidez y cese definitivo? : (Registro nro. 6545)
[ vista simple ]
| 000 -LEADER | |
|---|---|
| fixed length control field | 01424nab a22002417a 4500 |
| 003 - CONTROL NUMBER IDENTIFIER | |
| control field | OSt |
| 005 - DATE AND TIME OF LATEST TRANSACTION | |
| control field | 20260223133544.0 |
| 008 - FIXED-LENGTH DATA ELEMENTS--GENERAL INFORMATION | |
| fixed length control field | 190506c xxu||||| |||| 00| 0 spa d |
| 040 ## - CATALOGING SOURCE | |
| Transcribing agency | PJ |
| 100 ## - MAIN ENTRY--PERSONAL NAME | |
| 9 (RLIN) | 5708 |
| Personal name | García, Nadia |
| 245 13 - TITLE STATEMENT | |
| Title | ¿Retiro transitorio por invalidez y cese definitivo? : |
| Remainder of title | algunas reflexiones sobre la necesidad de armonizar el art. 212 de la LCT con el art. 49 de la ley 24.241 / |
| Statement of responsibility, etc | Nadia García. |
| 260 ## - PUBLICATION, DISTRIBUTION, ETC. (IMPRINT) | |
| Place of publication, distribution, etc | Buenos Aires : |
| Name of publisher, distributor, etc | AbeledoPerrot, |
| Date of publication, distribution, etc | 2024. |
| 300 ## - PHYSICAL DESCRIPTION | |
| Extent | p. 3-11 |
| 500 ## - GENERAL NOTE | |
| General note | Cita: TR LALEY AR/DOC/838/2024. |
| 505 ## - FORMATTED CONTENTS NOTE | |
| Formatted contents note | Sumario: I. Introducción.— II. El Retiro por Invalidez: Requisitos.— III. El porcentaje de incapacidad exigido para el retiro por invalidez.— IV. La indemnización del art. 212 de la LCT y su naturaleza jurídica.— V. El porcentaje de incapacidad en el fuero Federal de la Seguridad Social y su impacto en la Justicia Nacional del Trabajo.— VI. Transitoriedad del retiro por invalidez vs. Cese definitivo laboral.— VII. Conclusiones. |
| 505 ## - FORMATTED CONTENTS NOTE | |
| Title | ¿Te interesa el texto completo? Comunicate al correo: koha@justierradelfuego.gov.ar |
| 650 #0 - SUBJECT ADDED ENTRY--TOPICAL TERM | |
| 9 (RLIN) | 1395 |
| Topical term or geographic name as entry element | SEGURIDAD SOCIAL |
| 650 #0 - SUBJECT ADDED ENTRY--TOPICAL TERM | |
| 9 (RLIN) | 2154 |
| Topical term or geographic name as entry element | JUBILACIONES |
| 650 #0 - SUBJECT ADDED ENTRY--TOPICAL TERM | |
| 9 (RLIN) | 4695 |
| Topical term or geographic name as entry element | SITUACIÓN DE VULNERABILIDAD |
| 650 #0 - SUBJECT ADDED ENTRY--TOPICAL TERM | |
| 9 (RLIN) | 5726 |
| Topical term or geographic name as entry element | JUBILACIÓN POR INVALIDEZ |
| 773 0# - HOST ITEM ENTRY | |
| Host Biblionumber | 2751 |
| Host Itemnumber | 3202 |
| Place, publisher, and date of publication | Buenos Aires : AbeledoPerrot, 2013- |
| Title | Revista de derecho laboral y seguridad social. Nº 10 - Mayo 2024 |
| 942 ## - ADDED ENTRY ELEMENTS (KOHA) | |
| Source of classification or shelving scheme | |
| Koha item type | Analítica Artículo de Revista |
No hay ítems disponibles.
